000 01473nam0a2200337 4500
001 RU\NLR\bibl\1307661
005 20250615152936.0
010 _a978-5-379-00723-2
_96000
021 _aRU
_b2008-82926
_94831
035 _a(NLR Aleph) 001293150
090 _a572060
_c572060
100 _a20081215d2008 |||y0rusy50 ca
101 0 _arus
102 _aRU
105 _aa |||||||||
200 1 _aИграем по-умному
_eсценарии КВН для 5-8 классов
_e[практическое пособие]
_fЯна Колесинская
210 _aНовосибирск
_cСибирское университетское изд-во
_d2008
215 _a125, [1] c.
_cил.
_d21
225 1 _aДля профессиональной работы с детьми
225 1 _aВеселый праздник
300 _aВ макете и вып. дан. загл.: Сценарии КВН для 5-8 классов. Играем по-умному
517 0 _aСценарии КВН для 5-8 классов. Играем по-умному
605 _a"КВН"
_lигра
_xПроведение
_xСредняя школа
_92220286
_3RU\NLR\auth\661333270
686 _aЧ421.382.41
686 _aЩ338.3(2)7-9-4
700 1 _aКолесинская
_bЯ. А.
_gЯна Альбертовна
_4070
801 0 _aRU
_bNLR
_c20081215
_gRCR
801 1 _aRU
_bNLR
_c20081215
942 _cBOOK
980 _aNB